00603 2200193 4500245003300000020002200033250001100055100001900066700001900085700002400104650001600128005001900144260003300163041001400196084000800210300002300218500015900241336000900400 aSizzlecGarwood, JuliehText a978-602-247-219-3 aCet. 1 aGarwood, Julie aRika Sylfentri aYosa Chandrawidjaja aNovel Fiksi a20231005074352 aJakartabDastan Boooksc2015 aIndonesia a813 a396 hlm. :c18 cm. aLyra Prescott, seorang mahasiswa perfilman di los Ageles, sudah hendak menyelesaikan studinya dan harus mengambil keputusan penting terkait masa depannya. atext